000 01585pam a2200325 a 4500
001 1614098
003 OSt
005 20230801135925.0
008 950119s1996 cau b 001 0 eng
010 _a 95005414
020 _a9781133313793
020 _a1133313795
040 _aDLC
_cDLC
_dDLC
050 0 0 _aPN187.C18
082 0 0 _a808
_220
100 1 _aCampbell, Karlyn Kohrs
_92173
245 1 4 _aThe rhetorical act : thinking, speaking and writing critically. /
_cKarlyn Kohrs Campbell, Susan Schultz Huxman, Thomas R. Burkholder
250 _a5th ed.
260 _aLondon :
_bCengage Learning,
_c2015.
300 _axxii, 357 p. :
_bill. ;
504 _aIncludes bibliographical references and index.
505 _aContents: Rhetorical perspective -- Reading rhetorical acts -- Crafting your rhetorical act -- The resources of evidence -- The resources of argument -- The resources of organization -- The resources of language -- Challenges arising from the audience -- Challenges arising from the subject and purpose -- Opportunities and challenges arising form the rhetor -- Understanding evaluation -- Understanding visual rhetoric -- Understanding the medium of transmission -- Understanding occasion --
650 0 _aRhetorical criticicm
_92174
650 0 _aMedia literacy
_92175
650 0 _aPublic speaking
_9715
700 _aHuxman, Susan Schultz
_92176
700 _aBurkholder, Thomas R.
_92177
942 _2lcc
_cBK
999 _c9970
_d17470